[Event "WchT Rapid"]
[Site "London"]
[Date "2025.06.11"]
[Round "2.4"]
[White "Nomin Erdene, Davaademberel"]
[Black "Vashisht Pigem, Raman"]
[Result "0-1"]
[WhiteElo "2239"]
[BlackElo "2015"]
[PlyCount "138"]
[EventDate "2025.06.11"]
[EventType "team-swiss"]
[EventRounds "12"]
[EventCountry "ENG"]
[SourceTitle "CB25_2025"]
[SourceDate "2025.06.18"]
[SourceVersion "1"]
[SourceVersionDate "2025.06.18"]
[SourceQuality "1"]
[WhiteTeam "The MongolZ"]
[BlackTeam "The London Legends"]
[WhiteTeamCountry "MGL"]
[BlackTeamCountry "ENG"]

1. f4 d5 2. Nf3 Nf6 3. g3 c5 4. Bg2 Nc6 5. 0-0 g6 6. d3 Bg7 7. c3 0-0 8. Na3 b6 9. Qc2 Bb7 10. e4 dxe4 11. dxe4 e5 12. fxe5 Ng4 13. Bg5 Qb8 14. e6 fxe6 15. Qb3 Qe8 16. Nc4 Ba6 17. h3 Bxc4 18. Qxc4 Nge5 19. Nxe5 Rxf1+ 20. Rxf1 Nxe5 21. Qe2 h6 22. Bc1 Rd8 23. Rd1 Rxd1+ 24. Qxd1 Qd7 25. Qxd7 Nxd7 26. Bd2 Ne5 27. b3 Kf7 28. Kf2 Ke7 29. Ke2 Kd6 30. Be3 Nc6 31. Kd2 h5 32. Bf3 Ne5 33. Be2 Nf7 34. Bb5 Ke7 35. b4 cxb4 36. cxb4 Bh6 37. Bxh6 Nxh6 38. Ke3 Nf7 39. Be2 Kd6 40. Kd4 Ne5 41. Bb5 g5 42. h4 gxh4 43. gxh4 Nf3+ 44. Kd3 Nxh4 45. Be8 Ng2 46. Ke2 Nf4+ 47. Kf3 Ke5 48. Bc6 Nd3 49. a3 Kf6 50. Kg3 Kg5 51. Bd7 h4+ 52. Kh2 e5 53. Bf5 Nf2 54. Kg2 Ng4 55. Kh3 Nf6 56. Kh2 Kf4 57. Kh3 Nxe4 58. Bd7 Nf6 59. Bb5 Kg5 60. Bc6 e4 61. a4 e3 62. Kg2 Kf4 63. a5 bxa5 64. bxa5 Ne4 65. Bb5 Nc3 66. Ba6 e2 67. Kf2 h3 68. Bb7 Ne4+ 69. Kxe2 h2 0-1

[Event "British Rapidplay"]
[Site "Peterborough"]
[Date "2025.03.02"]
[Round "9"]
[White "Dicen, Elis Denele"]
[Black "Vashisht Pigem, Raman"]
[Result "1-0"]
[WhiteElo "2129"]
[BlackElo "1965"]
[PlyCount "127"]
[EventDate "2025.03.01"]
[EventType "swiss (rapid)"]
[EventRounds "11"]
[EventCountry "ENG"]
[SourceTitle "CB10_2025"]
[SourceDate "2025.03.05"]
[SourceVersion "1"]
[SourceVersionDate "2025.03.05"]
[SourceQuality "1"]

1. d4 Nf6 2. c4 e6 3. Nf3 b6 4. a3 Bb7 5. Nc3 d5 6. Bf4 c6 7. e3 Bd6 8. Bg3 0-0 9. Bd3 dxc4 10. Bxc4 c5 11. dxc5 Bxc5 12. Qe2 a5 13. Rd1 Qe7 14. 0-0 Nc6 15. Na4 Ne4 16. Bh4 g5 17. Nxc5 Qxc5 18. Bd3 gxh4 19. Bxe4 Ba6 20. Bd3 Bxd3 21. Rxd3 Ne5 22. Nxe5 Qxe5 23. Rd4 Qf6 24. Rf4 Qe5 25. Rxh4 Rac8 26. Qd3 f5 27. Rd4 Rc7 28. g3 Rfc8 29. Rd8+ Rxd8 30. Qxd8+ Kg7 31. Rd1 Qc5 32. h4 Qe7 33. Qd4+ Qf6 34. Qxb6 Rc2 35. b4 axb4 36. axb4 Qe5 37. Qd4 Qxd4 38. Rxd4 Kf6 39. Kg2 Rb2 40. Rc4 h6 41. Kf3 Rb3 42. Rd4 Ke5 43. Rd8 Rxb4 44. Rh8 Kf6 45. Rxh6+ Kf7 46. Rh7+ Kg6 47. Re7 Kf6 48. Ra7 Rb8 49. Ra6 Rh8 50. e4 fxe4+ 51. Kxe4 Rb8 52. Kf3 Rb3+ 53. Kg4 Rb4+ 54. f4 Kf7 55. Ra5 Kf6 56. Rg5 Rb1 57. h5 Rh1 58. Rg6+ Kf7 59. Kg5 Rg1 60. g4 Rh1 61. Rf6+ Ke7 62. Kg6 Rh2 63. g5 Rh3 64. h6 1-0

[Event "British Rapidplay"]
[Site "Peterborough"]
[Date "2025.03.02"]
[Round "7"]
[White "Southcott Moyers, Indy"]
[Black "Vashisht Pigem, Raman"]
[Result "1-0"]
[WhiteElo "2227"]
[BlackElo "1965"]
[PlyCount "59"]
[EventDate "2025.03.01"]
[EventType "swiss (rapid)"]
[EventRounds "11"]
[EventCountry "ENG"]
[SourceTitle "CB10_2025"]
[SourceDate "2025.03.05"]
[SourceVersion "1"]
[SourceVersionDate "2025.03.05"]
[SourceQuality "1"]

1. d4 Nf6 2. c4 e6 3. Nf3 b6 4. a3 Bb7 5. Nc3 d5 6. cxd5 Nxd5 7. e3 Be7 8. Bb5+ c6 9. Bd3 0-0 10. 0-0 Nd7 11. e4 Nxc3 12. bxc3 c5 13. a4 Nf6 14. Qe2 Rc8 15. Bb2 Qc7 16. Ne5 Nd7 17. f4 Rfd8 18. Rac1 Bd6 19. Nxf7 Kxf7 20. e5 g6 21. f5 exf5 22. Bxf5 gxf5 23. Rxf5+ Kg8 24. Qg4+ Kh8 25. exd6 Qxd6 26. dxc5 Qg6 27. c4+ Kg8 28. Rg5 Nf8 29. Rxg6+ Nxg6 30. Qe6+ 1-0

[Event "British Rapidplay"]
[Site "Peterborough"]
[Date "2025.03.02"]
[Round "8"]
[White "Vashisht Pigem, Raman"]
[Black "Brocklehurst, Andrew"]
[Result "1-0"]
[WhiteElo "1965"]
[BlackElo "1856"]
[PlyCount "69"]
[EventDate "2025.03.01"]
[EventType "swiss (rapid)"]
[EventRounds "11"]
[EventCountry "ENG"]
[SourceTitle "CB10_2025"]
[SourceDate "2025.03.05"]
[SourceVersion "1"]
[SourceVersionDate "2025.03.05"]
[SourceQuality "1"]

1. e4 c5 2. Nf3 Nc6 3. Bb5 e6 4. 0-0 d6 5. c3 Bd7 6. d4 cxd4 7. cxd4 Nf6 8. Nc3 Be7 9. e5 Nd5 10. Nxd5 exd5 11. exd6 Bxd6 12. Re1+ Ne7 13. Bd3 h6 14. Ne5 Bxe5 15. dxe5 0-0 16. Qh5 f5 17. exf6 Rxf6 18. Bd2 Bf5 19. Bb5 Bg6 20. Qe2 Qb6 21. Bc3 d4 22. Qc4+ Kh7 23. Bxd4 Qd6 24. Bxf6 Qxf6 25. Qc3 Qg5 26. Bd3 Nf5 27. Re5 Rf8 28. Rae1 Qg4 29. h3 Qf4 30. R1e4 Qg5 31. Rg4 Qd8 32. Bxf5 Bxf5 33. Rxf5 Qd1+ 34. Kh2 Qd6+ 35. Qe5 1-0

[Event "British Rapidplay"]
[Site "Peterborough"]
[Date "2025.03.01"]
[Round "5"]
[White "Pritchett, Craig William"]
[Black "Vashisht Pigem, Raman"]
[Result "1-0"]
[WhiteElo "2177"]
[BlackElo "1965"]
[PlyCount "72"]
[EventDate "2025.03.01"]
[EventType "swiss (rapid)"]
[EventRounds "11"]
[EventCountry "ENG"]
[SourceTitle "CB10_2025"]
[SourceDate "2025.03.05"]
[SourceVersion "1"]
[SourceVersionDate "2025.03.05"]
[SourceQuality "1"]

1. Nf3 Nf6 2. c4 e6 3. g3 b6 4. Bg2 Bb7 5. 0-0 Be7 6. Nc3 d5 7. cxd5 exd5 8. d4 0-0 9. Bf4 c6 10. Rc1 Nbd7 11. Re1 Re8 12. h3 Nf8 13. g4 Ne6 14. Bg3 Ne4 15. Bh2 Nxc3 16. bxc3 Bd6 17. Bxd6 Qxd6 18. e3 h6 19. Ne5 Nf8 20. c4 c5 21. cxd5 Bxd5 22. Nc4 Qe6 23. Bxd5 Qxd5 24. dxc5 Qxd1 25. Rexd1 bxc5 26. Kg2 Ne6 27. f4 Red8 28. Kf3 Kf8 29. Rxd8+ Rxd8 30. h4 Ke7 31. Rb1 Rd7 32. a4 Nc7 33. Ne5 Rd2 34. Rb7 Kd6 35. Nc4+ Kc6 36. Rxc7+ Kd5 1-0

[Event "Isle of Wight op"]
[Site "Ryde"]
[Date "2025.02.23"]
[Round "9"]
[White "Sui, Yueyue"]
[Black "Vashisht Pigem, Raman"]
[Result "1/2-1/2"]
[WhiteElo "1805"]
[BlackElo "2023"]
[PlyCount "93"]
[EventDate "2025.02.18"]
[EventType "swiss"]
[EventRounds "9"]
[EventCountry "ENG"]
[SourceTitle "CB09_2025"]
[SourceDate "2025.02.27"]
[SourceVersion "1"]
[SourceVersionDate "2025.02.27"]
[SourceQuality "1"]

1. d4 Nf6 2. c4 g6 3. Nc3 Bg7 4. e4 d6 5. Nf3 0-0 6. Be2 e5 7. dxe5 dxe5 8. 0-0 Qxd1 9. Rxd1 Re8 10. h3 c6 11. Be3 h6 12. Ne1 Be6 13. Nc2 Nbd7 14. b3 Bf8 15. f3 Bc5 16. Kf2 Nh5 17. g4 Nf4 18. Kg3 Bxe3 19. Nxe3 a5 20. Ng2 Nxe2+ 21. Nxe2 Nc5 22. Ne3 Red8 23. Rxd8+ Rxd8 24. Rd1 Rxd1 25. Nxd1 a4 26. Nc1 Kf8 27. Nb2 axb3 28. axb3 Ke7 29. Kf2 Kd6 30. Ke3 Na6 31. Ncd3 f5 32. Kd2 Bc8 33. b4 fxe4 34. fxe4 b5 35. c5+ Ke6 36. Ke3 Kf6 37. Kf3 Nc7 38. h4 Ne6 39. Kg3 Nd4 40. Nd1 Nc2 41. N1f2 Be6 42. Kf3 Bc4 43. Kg3 Nd4 44. Nc1 g5 45. h5 Ne6 46. Kf3 Nd4+ 47. Kg3 1/2-1/2

[Event "Isle of Wight blitz op1"]
[Site "Isle of Wight"]
[Date "2025.02.19"]
[Round "7"]
[White "Vashisht Pigem, Raman"]
[Black "Patel, Keatan"]
[Result "1-0"]
[WhiteElo "1915"]
[BlackElo "1755"]
[PlyCount "105"]
[EventDate "2025.02.19"]
[EventType "swiss (blitz)"]
[EventRounds "7"]
[EventCountry "ENG"]
[SourceTitle "CB08_2025"]
[SourceDate "2025.02.19"]
[SourceVersion "1"]
[SourceVersionDate "2025.02.19"]
[SourceQuality "1"]

1. e4 e5 2. Nf3 Nc6 3. Bc4 Bc5 4. d3 Nf6 5. Nbd2 a6 6. c3 d6 7. Bb3 Ba7 8. Nf1 h6 9. Be3 0-0 10. Bxa7 Rxa7 11. h3 Re8 12. Ng3 Be6 13. Bc2 d5 14. 0-0 dxe4 15. dxe4 Ra8 16. a4 Qxd1 17. Raxd1 Nd7 18. Rfe1 f6 19. Nh4 Rad8 20. Nhf5 Kf7 21. Ne3 Na5 22. Nd5 Rc8 23. b4 Nc4 24. Bb3 Ncb6 25. a5 Na8 26. Ba4 c6 27. Ne3 Nf8 28. Nef5 g6 29. Nd6+ Ke7 30. Nxb7 Rb8 31. Nc5 Rec8 32. Nxa6 Rb7 33. Nc5 Rbb8 34. Rd2 Nd7 35. Nxe6 Kxe6 36. Red1 Nf8 37. Rd6+ Ke7 38. Rxc6 Rxc6 39. Bxc6 Nc7 40. b5 Nfe6 41. b6 Na6 42. Rd7+ Kf8 43. Ra7 Nac5 44. Ra8 Rxa8 45. Bxa8 Nd8 46. Ne2 Ke7 47. f3 Kd6 48. c4 Nc6 49. Bxc6 Kxc6 50. Nc3 Na6 51. Kf2 h5 52. Nd5 Nb4 53. Nxb4+ 1-0

[Event "London Menchik Memorial Blitz op 3rd"]
[Site "London"]
[Date "2024.09.03"]
[Round "9"]
[White "Patel, Zain"]
[Black "Vashisht Pigem, Raman"]
[Result "1-0"]
[WhiteElo "2004"]
[BlackElo "1877"]
[PlyCount "59"]
[EventDate "2024.09.03"]
[EventType "swiss (blitz)"]
[EventRounds "14"]
[EventCountry "ENG"]
[SourceTitle "EXT 2025"]
[Source "ChessBase"]
[SourceDate "2024.10.14"]
[SourceVersion "1"]
[SourceVersionDate "2024.10.14"]
[SourceQuality "1"]

1. e4 e5 2. Nf3 Nc6 3. d4 exd4 4. Bc4 Nf6 5. 0-0 Nxe4 6. Re1 d5 7. Bxd5 Qxd5 8. Nc3 Qd7 9. Nxe4 Be7 10. Bg5 0-0 11. Bxe7 Qxe7 12. Nxd4 Nxd4 13. Qxd4 Rd8 14. Qc3 Be6 15. Nc5 b6 16. Nxe6 fxe6 17. Qc6 e5 18. Rad1 Rxd1 19. Rxd1 Rd8 20. Rxd8+ Qxd8 21. Qe6+ Kf8 22. h3 Qd6 23. Qf5+ Kg8 24. Qc8+ Kf7 25. c3 Qd1+ 26. Kh2 Qd6 27. g3 Kg6 28. Qe8+ Kh6 29. g4 Qf6 30. Qh5# 1-0

[Event "London Menchik Memorial Blitz op 3rd"]
[Site "London"]
[Date "2024.09.03"]
[Round "5"]
[White "Vashisht Pigem, Raman"]
[Black "Pollack, Oscar"]
[Result "0-1"]
[WhiteElo "1877"]
[BlackElo "2002"]
[PlyCount "64"]
[EventDate "2024.09.03"]
[EventType "swiss (blitz)"]
[EventRounds "14"]
[EventCountry "ENG"]
[SourceTitle "EXT 2025"]
[Source "ChessBase"]
[SourceDate "2024.10.14"]
[SourceVersion "1"]
[SourceVersionDate "2024.10.14"]
[SourceQuality "1"]

1. e4 c5 2. Nf3 d6 3. Bb5+ Bd7 4. Bxd7+ Nxd7 5. 0-0 Ngf6 6. Qe2 e6 7. c3 Be7 8. d4 cxd4 9. cxd4 d5 10. e5 Ne4 11. Ne1 Rc8 12. Be3 f5 13. exf6 Ndxf6 14. f3 Nd6 15. Bf4 0-0 16. Qxe6+ Kh8 17. Nc3 Nc4 18. Nd3 Nxb2 19. Nxb2 Rxc3 20. Na4 Rc4 21. Nc5 Bxc5 22. dxc5 Rxf4 23. Rfd1 Rc4 24. Rab1 Qc8 25. Qxc8 Rxc8 26. Rxb7 R4xc5 27. Kf2 Rc2+ 28. Kg3 Rxa2 29. Re1 d4 30. Kf4 d3 31. Rc1 Rxc1 32. Rb8+ Ng8 0-1

[Event "London Menchik Memorial Blitz op 3rd"]
[Site "London"]
[Date "2024.09.03"]
[Round "14"]
[White "Vashisht Pigem, Raman"]
[Black "Wiratunga, Jenith"]
[Result "0-1"]
[WhiteElo "1877"]
[BlackElo "2089"]
[PlyCount "93"]
[EventDate "2024.09.03"]
[EventType "swiss (blitz)"]
[EventRounds "14"]
[EventCountry "ENG"]
[SourceTitle "EXT 2025"]
[Source "ChessBase"]
[SourceDate "2024.10.14"]
[SourceVersion "1"]
[SourceVersionDate "2024.10.14"]
[SourceQuality "1"]

1. e4 c5 2. Nf3 d6 3. Bb5+ Bd7 4. Bxd7+ Qxd7 5. 0-0 Nf6 6. Qe2 Nc6 7. c3 e5 8. Rd1 Be7 9. d4 cxd4 10. cxd4 Qc7 11. Nc3 0-0 12. dxe5 dxe5 13. Nd5 Nxd5 14. exd5 Nd4 15. Nxd4 exd4 16. Rxd4 Bf6 17. Rd1 Rfe8 18. Qf3 Rad8 19. Be3 Bxb2 20. Rab1 Be5 21. h3 b6 22. Rdc1 Qd6 23. Rd1 g6 24. Rbc1 Rc8 25. Rc6 Qd7 26. Rdc1 Rcd8 27. Bg5 Rc8 28. Bf6 Rxc6 29. dxc6 Qd2 30. Rd1 Qc2 31. Re1 Bxf6 32. Rxe8+ Kg7 33. Qd5 Qc1+ 34. Kh2 Qf4+ 35. g3 Qxf2+ 36. Qg2 Qc5 37. Re2 Be5 38. Rc2 Qe7 39. Qe2 Qg5 40. Qf3 Bc7 41. Re2 h5 42. Qc3+ Kh6 43. Qe3 f5 44. Qxg5+ Kxg5 45. Re7 Bd6 46. Rd7 Be5 47. c7 0-1

[Event "London Menchik Memorial Blitz op 3rd"]
[Site "London"]
[Date "2024.09.03"]
[Round "13"]
[White "Wiratunga, Jenith"]
[Black "Vashisht Pigem, Raman"]
[Result "0-1"]
[WhiteElo "2089"]
[BlackElo "1877"]
[PlyCount "99"]
[EventDate "2024.09.03"]
[EventType "swiss (blitz)"]
[EventRounds "14"]
[EventCountry "ENG"]
[SourceTitle "EXT 2025"]
[Source "ChessBase"]
[SourceDate "2024.10.14"]
[SourceVersion "1"]
[SourceVersionDate "2024.10.14"]
[SourceQuality "1"]

1. d4 e6 2. Nc3 d5 3. Bf4 Bd6 4. Qd2 Nf6 5. Nf3 a6 6. Ne5 c5 7. e3 cxd4 8. exd4 Nc6 9. Nxc6 bxc6 10. Bd3 0-0 11. 0-0 Bb7 12. Na4 Bxf4 13. Qxf4 Qb8 14. Qh4 h6 15. Rfe1 Nd7 16. b4 Qd6 17. Nc5 Bc8 18. Qg3 Qxg3 19. hxg3 Rb8 20. Rab1 Nb6 21. a4 Nc4 22. Bxc4 dxc4 23. a5 c3 24. Re3 Rd8 25. Rd3 f6 26. f4 Kf7 27. Kf2 Rd5 28. Ke3 e5 29. dxe5 Rxc5 30. bxc5 Rxb1 31. Rd8 Be6 32. Ra8 fxe5 33. fxe5 Bc4 34. Kd4 Bb5 35. Kxc3 Re1 36. Kd4 Re2 37. c4 Ba4 38. Rxa6 Rxg2 39. Ra7+ Kg6 40. a6 Ra2 41. Rc7 Bc2 42. Rxc6+ Kg5 43. e6 Bg6 44. e7 Be8 45. Rb6 Kf5 46. c6 Rd2+ 47. Kc5 Ke6 48. a7 Ra2 49. c7+ Kd7 50. c8Q+ 0-1

[Event "BCF-ch Major"]
[Site "Hull"]
[Date "2024.08.04"]
[Round "9"]
[White "Vashisht Pigem, Raman"]
[Black "Vaddhireddy, Sai"]
[Result "1/2-1/2"]
[WhiteElo "1863"]
[BlackElo "1724"]
[PlyCount "59"]
[EventDate "2024.07.27"]
[EventType "swiss"]
[EventRounds "9"]
[EventCountry "ENG"]
[SourceTitle "CBM 221 Extra"]
[Source "ChessBase"]
[SourceDate "2024.09.30"]
[SourceVersion "1"]
[SourceVersionDate "2024.09.30"]
[SourceQuality "1"]

1. e4 c6 2. Nf3 d5 3. Nc3 dxe4 4. Nxe4 Nf6 5. Qe2 Nxe4 6. Qxe4 Nd7 7. c3 Nf6 8. Qc2 g6 9. d4 Bf5 10. Bd3 Bxd3 11. Qxd3 Bg7 12. 0-0 0-0 13. Re1 Qc7 14. Bg5 Rfe8 15. a4 a5 16. Ne5 Nd5 17. Bh4 Qb6 18. Nc4 Qa6 19. Bg3 Nb6 20. Ne5 Bxe5 21. Qxa6 Rxa6 22. Bxe5 Nc4 23. Bc7 Nxb2 24. Reb1 Rc8 25. Rxb2 Rxc7 26. Kf1 b5 27. axb5 cxb5 28. Rxb5 a4 29. Ra3 Rac6 30. Rb4 1/2-1/2

[Event "BCF-ch Major"]
[Site "Hull"]
[Date "2024.08.01"]
[Round "6"]
[White "Vashisht Pigem, Raman"]
[Black "Crawford, Owen"]
[Result "1/2-1/2"]
[WhiteElo "1863"]
[BlackElo "2010"]
[PlyCount "151"]
[EventDate "2024.07.27"]
[EventType "swiss"]
[EventRounds "9"]
[EventCountry "ENG"]
[SourceTitle "CBM 221 Extra"]
[Source "ChessBase"]
[SourceDate "2024.09.30"]
[SourceVersion "1"]
[SourceVersionDate "2024.09.30"]
[SourceQuality "1"]

1. e4 e5 2. Nf3 Nc6 3. Bc4 Nf6 4. d3 Bc5 5. Nbd2 0-0 6. h3 d6 7. c3 a6 8. Bb3 Ba7 9. 0-0 h6 10. Re1 Be6 11. Nf1 Re8 12. Ng3 d5 13. Qe2 Qd7 14. Be3 d4 15. Bxe6 Rxe6 16. cxd4 Bxd4 17. Bxd4 Nxd4 18. Nxd4 Qxd4 19. Rac1 c6 20. Nf5 Qb6 21. Qe3 Qxe3 22. Rxe3 Rd8 23. a4 Kh7 24. b4 g6 25. Ng3 Red6 26. b5 cxb5 27. axb5 a5 28. Rc5 Rxd3 29. Rxd3 Rxd3 30. b6 Nd7 31. Rxa5 Rd6 32. Ne2 f6 33. Nc3 Nxb6 34. Rb5 Kg8 35. g3 Kf7 36. f4 exf4 37. gxf4 Ke8 38. e5 fxe5 39. fxe5 Re6 40. Ne4 Nd7 41. Nd6+ Ke7 42. Rxb7 Rxe5 43. Nc4 Re6 44. Ra7 Kd8 45. Ra8+ Kc7 46. Ra7+ Kc8 47. Ra8+ Kb7 48. Re8 Rxe8 49. Nd6+ Kc6 50. Nxe8 Kd5 51. Kg2 Ke5 52. Nc7 Nf6 53. Nb5 Kf4 54. Nd4 Kg5 55. Kg3 Ne4+ 56. Kf3 Nd6 57. Ne6+ Kh4 58. Kg2 Nc4 59. Nf4 Ne5 60. Kh2 Kg5 61. Ne6+ Kf5 62. Nd4+ Ke4 63. Ne6 Kf3 64. Nf8 Kf2 65. h4 g5 66. hxg5 hxg5 67. Ne6 g4 68. Nf4 Nf3+ 69. Kh1 g3 70. Nd3+ Kf1 71. Nf4 Nd2 72. Ng2 Kf2 73. Nf4 Kf1 74. Ng2 Ne4 75. Ne3+ Ke2 76. Nf5 1/2-1/2

[Event "BCF-ch Major"]
[Site "Hull"]
[Date "2024.07.30"]
[Round "4"]
[White "Vashisht Pigem, Raman"]
[Black "Kovalskyi, Roman"]
[Result "1-0"]
[WhiteElo "1863"]
[BlackElo "1989"]
[PlyCount "89"]
[EventDate "2024.07.27"]
[EventType "swiss"]
[EventRounds "9"]
[EventCountry "ENG"]
[SourceTitle "CBM 221 Extra"]
[Source "ChessBase"]
[SourceDate "2024.09.30"]
[SourceVersion "1"]
[SourceVersionDate "2024.09.30"]
[SourceQuality "1"]

1. e4 c5 2. Nf3 g6 3. d4 cxd4 4. Nxd4 Nc6 5. c4 Nf6 6. Nc3 d6 7. f3 Bg7 8. Be3 0-0 9. Qd2 Nxd4 10. Bxd4 Be6 11. Be2 Qa5 12. 0-0 Rfc8 13. b3 b5 14. cxb5 Nxe4 15. fxe4 Bxd4+ 16. Qxd4 Rxc3 17. Rac1 Rac8 18. Qd2 Qb4 19. Rxc3 Rxc3 20. Qf4 f6 21. Bg4 Bf7 22. Qf2 Rc7 23. Qe2 Qc5+ 24. Kh1 Qc2 25. Qxc2 Rxc2 26. Ra1 d5 27. exd5 Bxd5 28. Bf3 Bf7 29. h3 e5 30. a4 Bxb3 31. a5 Rb2 32. b6 a6 33. b7 Bc2 34. Rc1 e4 35. Rxc2 Rxb7 36. Bxe4 Rb5 37. Ra2 Rc5 38. Bb7 g5 39. Bxa6 h5 40. Be2 Kg7 41. a6 f5 42. a7 g4 43. hxg4 hxg4 44. a8Q g3 45. Qa7+ 1-0

[Event "BCF-ch Major"]
[Site "Hull"]
[Date "2024.07.29"]
[Round "3"]
[White "Vashisht Pigem, Raman"]
[Black "Vaidyanathan, Adithya"]
[Result "1/2-1/2"]
[WhiteElo "1863"]
[BlackElo "1985"]
[PlyCount "105"]
[EventDate "2024.07.27"]
[EventType "swiss"]
[EventRounds "9"]
[EventCountry "ENG"]
[SourceTitle "CBM 221 Extra"]
[Source "ChessBase"]
[SourceDate "2024.09.30"]
[SourceVersion "1"]
[SourceVersionDate "2024.09.30"]
[SourceQuality "1"]

1. e4 c5 2. Nf3 Nc6 3. Bb5 g6 4. 0-0 Bg7 5. Re1 Nf6 6. e5 Nd5 7. Nc3 Nc7 8. Bxc6 dxc6 9. Ne4 Ne6 10. d3 h6 11. Be3 b6 12. Qd2 Nd4 13. Nxd4 cxd4 14. Bf4 Be6 15. h4 c5 16. Rad1 Qd5 17. c4 dxc3 18. Nxc3 Qb7 19. d4 Rd8 20. Qe3 cxd4 21. Rxd4 Rxd4 22. Qxd4 0-0 23. Rd1 Rc8 24. Qe3 Kh7 25. Rd4 b5 26. a3 a5 27. h5 g5 28. Qd3+ Kg8 29. Rd8+ Rxd8 30. Qxd8+ Bf8 31. Be3 b4 32. axb4 axb4 33. Na4 Qe4 34. Qd4 Qxd4 35. Bxd4 Bg4 36. Bc5 b3 37. f3 Bxh5 38. Kf2 f5 39. exf6 exf6 40. Bxf8 Kxf8 41. Nc5 Bf7 42. Ke3 h5 43. f4 Bd5 44. fxg5 fxg5 45. g3 Ke7 46. Kd4 Kd6 47. Nd3 h4 48. gxh4 gxh4 49. Nf4 Be6 50. Kc3 Bf5 51. Kxb3 Ke5 52. Ne2 h3 53. Ng1 1/2-1/2

[Event "BCF-ch Major"]
[Site "Hull"]
[Date "2024.07.28"]
[Round "2"]
[White "Roberts, David Llewelyn"]
[Black "Vashisht Pigem, Raman"]
[Result "1/2-1/2"]
[WhiteElo "1963"]
[BlackElo "1863"]
[PlyCount "69"]
[EventDate "2024.07.27"]
[EventType "swiss"]
[EventRounds "9"]
[EventCountry "ENG"]
[SourceTitle "CBM 221 Extra"]
[Source "ChessBase"]
[SourceDate "2024.09.30"]
[SourceVersion "1"]
[SourceVersionDate "2024.09.30"]
[SourceQuality "1"]

1. e4 e5 2. Nf3 Nc6 3. d4 exd4 4. Nxd4 Bc5 5. Nxc6 Qf6 6. Qf3 bxc6 7. Nd2 Qxf3 8. gxf3 d6 9. Nb3 Bb6 10. a4 a5 11. Rg1 g6 12. Bd2 Be6 13. Bc3 f6 14. Nd4 Bd7 15. Bc4 Ne7 16. Bb3 Bxd4 17. Bxd4 Rf8 18. f4 c5 19. Bc3 Bc6 20. f3 d5 21. exd5 Nxd5 22. Bxd5 Bxd5 23. Kf2 Kf7 24. Rge1 Bc6 25. Re3 Rfe8 26. Rxe8 Bxe8 27. Bd2 Rb8 28. Ra2 Ra8 29. c4 Ke6 30. Bc3 Bc6 31. b3 Rb8 32. Rb2 Kf5 33. Kg3 Re8 34. Kf2 Rb8 35. Kg3 1/2-1/2

[Event "London Mindsports blitz op 4th"]
[Site "London"]
[Date "2024.07.23"]
[Round "3"]
[White "Patel, Zain"]
[Black "Vashisht Pigem, Raman"]
[Result "0-1"]
[WhiteElo "2063"]
[BlackElo "1878"]
[PlyCount "112"]
[EventDate "2024.07.23"]
[EventType "swiss (blitz)"]
[EventRounds "14"]
[EventCountry "ENG"]
[SourceTitle "CBM 221 Extra"]
[Source "ChessBase"]
[SourceDate "2024.09.30"]
[SourceVersion "1"]
[SourceVersionDate "2024.09.30"]
[SourceQuality "1"]

1. Nf3 Nf6 2. g3 g6 3. b3 Bg7 4. Bb2 0-0 5. Bg2 d6 6. d4 c5 7. 0-0 Nc6 8. c4 cxd4 9. Nxd4 Bd7 10. Nxc6 Bxc6 11. Bxc6 bxc6 12. Nd2 Qa5 13. Nf3 Qh5 14. Kg2 Rfd8 15. Qc2 Rac8 16. Rad1 d5 17. cxd5 cxd5 18. Qd3 Qg4 19. h3 Qe4 20. Bxf6 Bxf6 21. Qxe4 dxe4 22. Nd2 e3 23. Ne4 Rxd1 24. Nxf6+ exf6 25. Rxd1 Rc2 26. fxe3 Rxe2+ 27. Kf3 Rxa2 28. Rd7 Rb2 29. Rb7 a5 30. Rb5 Kg7 31. Ke4 f5+ 32. Kd4 Rd2+ 33. Kc3 Re2 34. Kd3 Rb2 35. Kc4 Rc2+ 36. Kd4 Rd2+ 37. Kc4 Rg2 38. Rxa5 Rxg3 39. Re5 Rxh3 40. b4 Rh1 41. b5 Rc1+ 42. Kd5 h5 43. b6 h4 44. b7 Rb1 45. Kc6 h3 46. Rb5 Rxb5 47. Kxb5 h2 48. b8Q h1Q 49. Qe5+ Kh7 50. Qe7 Qd5+ 51. Kb4 Qe4+ 52. Qxe4 fxe4 53. Kc4 Kh6 54. Kd4 f5 55. Ke5 Kg5 56. Ke6 f4 0-1

[Event "British Rapidplay"]
[Site "Peterborough"]
[Date "2024.03.03"]
[Round "9"]
[White "Buckley, Graeme N"]
[Black "Vashisht Pigem, Raman"]
[Result "1-0"]
[WhiteElo "2332"]
[BlackElo "1809"]
[PlyCount "120"]
[EventDate "2024.03.02"]
[EventType "swiss (rapid)"]
[EventRounds "11"]
[EventCountry "ENG"]
[SourceTitle "CBM 219 Extra"]
[Source "ChessBase"]
[SourceDate "2024.05.31"]
[SourceVersion "1"]
[SourceVersionDate "2024.05.31"]
[SourceQuality "1"]

1. e4 e6 2. d4 d5 3. e5 c5 4. c3 Qb6 5. Nf3 Bd7 6. a3 Bb5 7. c4 Bxc4 8. Bxc4 dxc4 9. d5 Ne7 10. d6 Nec6 11. 0-0 Nd7 12. Bf4 Qxb2 13. Nbd2 Qb6 14. Nxc4 Qa6 15. Ne3 g6 16. Rb1 Bg7 17. Ng4 0-0 18. Re1 h5 19. Nh6+ Kh8 20. Qc1 b6 21. Rb3 Qa4 22. Rc3 Rac8 23. g4 hxg4 24. Nxg4 Nd4 25. Nxd4 Qxd4 26. Rc4 Qd3 27. Re3 Qf5 28. Nh6 Qh5 29. Kg2 Bxh6 30. Bxh6 Qxh6 31. Rh3 Qxh3+ 32. Kxh3 Kg7 33. f4 b5 34. Rc2 a5 35. Qe1 b4 36. f5 Rh8+ 37. Kg2 gxf5 38. Kh1 Rh3 39. Qg1+ Kf8 40. Qg5 Nxe5 41. Qe7+ Kg8 42. Rg2+ Kh7 43. Qf6 Rg8 44. Rxg8 Kxg8 45. Qxe5 Rd3 46. Qxc5 bxa3 47. Qxa5 Rxd6 48. Qxa3 Rd5 49. Kg2 Kg7 50. Kg3 Kf6 51. Kh4 Rd4+ 52. Kh5 Rg4 53. Qc3+ Ke7 54. Qe5 Re4 55. Qc7+ Kf6 56. Qc3+ Ke7 57. h3 Kf8 58. Kg5 Ra4 59. Kf6 Ra8 60. Qc7 Kg8 1-0

[Event "British Rapidplay"]
[Site "Peterborough"]
[Date "2024.03.03"]
[Round "8"]
[White "Vashisht Pigem, Raman"]
[Black "Khoury, Theo"]
[Result "1-0"]
[WhiteElo "1809"]
[BlackElo "2113"]
[PlyCount "83"]
[EventDate "2024.03.02"]
[EventType "swiss (rapid)"]
[EventRounds "11"]
[EventCountry "ENG"]
[SourceTitle "CBM 219 Extra"]
[Source "ChessBase"]
[SourceDate "2024.05.31"]
[SourceVersion "1"]
[SourceVersionDate "2024.05.31"]
[SourceQuality "1"]

1. e4 c5 2. Nf3 d6 3. Bb5+ Nd7 4. Ba4 Ngf6 5. 0-0 g6 6. Re1 Bg7 7. c3 a6 8. d4 b5 9. Bc2 Bb7 10. e5 dxe5 11. dxe5 Nd5 12. e6 fxe6 13. Ng5 Nc7 14. Nxh7 Ne5 15. Ng5 Qd5 16. Qxd5 Bxd5 17. f4 Ng4 18. Bxg6+ Kd7 19. h3 Nf6 20. Be3 Bh6 21. Nf7 Rhg8 22. Ne5+ Kd6 23. g4 Nd7 24. Bc2 Bg7 25. Nxd7 Kxd7 26. Nd2 Raf8 27. Ne4 c4 28. Rad1 Kc6 29. Ng3 Bh6 30. f5 Bg7 31. Bf4 Ne8 32. Bg5 Bxc3 33. bxc3 Rxg5 34. Be4 Nc7 35. Bxd5+ exd5 36. Rxe7 b4 37. cxb4 c3 38. Ne2 Nb5 39. a4 Nd6 40. Nxc3 Rfxf5 41. Re6 Rf3 42. Rxd6+ 1-0